000 00308nam a2200133Ia 4500
008 230312s9999||||xx |||||||||||||| ||und||
020 _a81-7868-094-1
082 _a615
_bCAR-C
100 _aCarpenter
245 0 _aCecil Essentials of medicine
300 _a1070
650 _aMedical
_vMedicine
942 _cBK
999 _c2337
_d2337